| 000 | 00466nam a2200145 a 4500 | ||
|---|---|---|---|
| 001 | 000046771 | ||
| 005 | 20201002053119.0 | ||
| 008 | 180322s2015 dr 000 spa d | ||
| 020 | _a9789945590227 | ||
| 040 |
_aDO-SdBNP _bspa _cBNPHU |
||
| 245 | 0 |
_aDominican Republic and P.R. China :. : _bexchange, trade and investment. |
|
| 260 |
_aSanto Domingo : _bFundación Global Democracia y Desarrollo, _c2015. |
||
| 300 |
_a45 p. ; _c21 cm. |
||
| 590 | _aInventariado,2018/DG | ||
| 999 |
_c46260 _d46260 |
||